000 01231nam a22002777a 4500
003 DO-SdBNP
005 20250611073818.0
008 210219b 2020 dr a 00| 0 eng d
020 _a9789945621334
040 _aDO-SdBNP
_bspa
_cBNPHU
082 4 _a362.19669
_bR426p
_222
110 1 _aRepública Dominicana.
_bMinisterio de Salud Pública
_980830
245 1 0 _aPolítica nacional de salud sexual y salud reproductiva /
_ccoordinación general Dr. José Mordan, Dr. Juan Carlos de Jesús ; coordinación técnica y edición Indiana Barinas.
260 _aSanto Domingo :
_bMinisterio de Salud Pública,
_bAlianza Nacional para Acelerar la Reproducción de la Mortalidad Materno Infantil,
_c2020.
300 _a58 p. ;
_c26 cm.
504 _aBibliografía : p. 53-58
590 _aInventariado, 2021 /LP
650 0 _aPolítica sanitaria
_zRepública Dominicana
_91344
650 4 _aSalud reproductiva
_978238
650 4 _aServicios de salud
_zRepública Dominicana
_920952
700 1 _aMordan, José,
_ecoordinación
_977862
700 1 _aJesús, Juan Carlos de,
_ecoord.
_977863
700 1 _aBarinas, Indiana,
_ecoordinación técnica y edición
_971150
910 _aValidado. Control de calidad MFF
942 _2ddc
_cLBS1
999 _c49416
_d49416